000 00481nam a2200157Ia 4500
003 GCL
008 140319s9999 xx 000 0 ara d
040 _aGCL /
_cGCL
082 0 4 _a928.1
_bر ت
100 1 _aرمسيس عوض
245 1 0 _aتوفيق الحكيم الذى لانعرفه (صفحات مجهوله من ادب الحكيم) /
_cرمسيس عوض
490 _aكتاب
_v0
650 0 4 _aالتراجم
650 0 4 _aالتراجم الذاتية
942 _2ddc
_cBK
999 _c41824
_d41824